01604agaaa2200301 45000010005000000030009000050050017000140070009000310080040000400400023000800410013001031000047001161300023001632450195001862500022003812600126004033000034005295080208005635110088007715200116008595380016009755460013009916500055010047000059010597000065011187000058011837000061012413015IT-RoPAU20220918181229.0d cvaizq50131s9999||||xx ||| | || ||und|| aIT-RoPAUcIT-RoPAU aITALIANO aCavani LilianagCodice regista SPICS: 8251 aFRANCESCO D'ASSISI aFRANCESCO D'ASSISIcProdotto da: Rai Radiot. Italiana -- Sceneggiatura: Pinelli Tullio Cavani Liliana -- Diretto da: Cavani LilianapFRANCESCO D'ASSISI (Rif. Codice opera principale : 83015) aEdizione Standard aROMA (ITALIA)bRAI - RADIO TELEVISIONE ITALIANA / Distribuzione: RAI TREg"1966 (1° ed.: 1989 ; Ed. Lingua Orig.: 1966)" aVHSbsonoro, col.c134 minuti a"Fotografia: Ruzzolini Giuseppe; Montaggio: Gigante Luciano; Musica: De Luca Peppino; Sceneggiatura: Pinelli Tullio Cavani Liliana; Scenografia: Frigerio Ezio; Soggetto: Pinelli Tullio -- Cavani Liliana" a"Castel Lou; Sbraglia Giancarlo; Marescalchi Grazia; Bellei Mino; Formica Marcello" aSTORIA DI SAN FRANCESCO PRIMO FILM DI LILIANA CAVANI SULLA VITA DI SAN FRANCESCO D'ASSISI FILM IN BIANCO E NERO aPAL, STEREO aITALIANO aBIOGRAFIAeFILMS [VHS]xCodice MATERIA SPICS: 9960 aCavani Liliana e(regista)gCodice regista SPICS: 8251 aCavani Liliana e(soggetto)gCodice Soggetto 2° SPICS: 8251 aDe Luca Peppinoe(musica)gCodice Musica SPICS: 29089 aPinelli Tullio e(soggetto)gCodice Soggetto SPICS: 2556